<?xml version="1.0" encoding="UTF-8"?>
<record
    xmlns:xsi="http://www.w3.org/2001/XMLSchema-instance"
    xsi:schemaLocation="http://www.loc.gov/MARC21/slim http://www.loc.gov/standards/marcxml/schema/MARC21slim.xsd"
    xmlns="http://www.loc.gov/MARC21/slim">

  <leader>00668nam a22001217a 4500</leader>
  <datafield tag="040" ind1=" " ind2=" ">
    <subfield code="c">RUA</subfield>
  </datafield>
  <datafield tag="100" ind1=" " ind2=" ">
    <subfield code="a">KOY SREYNEATH &#x1780;&#x17BC;&#x1799; &#x179F;&#x17D2;&#x179A;&#x17B8;&#x1793;&#x17B6;&#x178F;</subfield>
  </datafield>
  <datafield tag="245" ind1=" " ind2=" ">
    <subfield code="a">STUDY ON LAND TRANSACTION IN SAMBOUR COMMUNE, TRAING DISTRICT, TAKEO PROVINCE &#x179F;&#x17B7;&#x1780;&#x17D2;&#x179F;&#x17B6;&#x1796;&#x17B8;&#x1795;&#x17D2;&#x178F;&#x17C1;&#x179A;&#x1780;&#x1798;&#x17D2;&#x1798;&#x179F;&#x17B7;&#x1791;&#x17D2;&#x1792;&#x178A;&#x17B8;&#x1792;&#x17D2;&#x179B;&#x17B8;&#x178A;&#x17C2;&#x179B;&#x1798;&#x17B6;&#x1793;&#x1794;&#x17D0;&#x178E;&#x17D2;&#x178E;&#x1780;&#x1798;&#x17D2;&#x1798;&#x179F;&#x17B7;&#x1791;&#x17D2;&#x1792;&#x17B7; &#x1793;&#x17C5;&#x1783;&#x17BB;&#x17C6;&#x179F;&#x17C6;&#x1794;&#x17BD;&#x179A; &#x179F;&#x17D2;&#x179A;&#x17BB;&#x1780;&#x1791;&#x17D2;&#x179A;&#x17B6;&#x17C6;&#x1784; &#x1781;&#x17C1;&#x178F;&#x17D2;&#x178F;&#x178F;&#x17B6;&#x1780;&#x17C2;&#x179C;</subfield>
  </datafield>
  <datafield tag="260" ind1=" " ind2=" ">
    <subfield code="a">PHNOM PENH</subfield>
    <subfield code="b">RUA</subfield>
    <subfield code="c">2023</subfield>
  </datafield>
  <datafield tag="300" ind1=" " ind2=" ">
    <subfield code="a">X. 49P</subfield>
    <subfield code="b">VIII.</subfield>
    <subfield code="c">29CM</subfield>
  </datafield>
  <datafield tag="856" ind1=" " ind2=" ">
    <subfield code="u">https://drive.google.com/file/d/1GUIHglPmkl9F_F3qqtgm_-_1DplCj5Fk/view?usp=sharing</subfield>
  </datafield>
  <datafield tag="942" ind1=" " ind2=" ">
    <subfield code="c">LMA</subfield>
  </datafield>
  <datafield tag="999" ind1=" " ind2=" ">
    <subfield code="c">23176</subfield>
    <subfield code="d">23176</subfield>
  </datafield>
  <datafield tag="952" ind1=" " ind2=" ">
    <subfield code="0">0</subfield>
    <subfield code="1">0</subfield>
    <subfield code="2">ddc</subfield>
    <subfield code="4">0</subfield>
    <subfield code="6">LMA_KOY_2023_000000000000000_B1498_OR</subfield>
    <subfield code="7">0</subfield>
    <subfield code="9">99415</subfield>
    <subfield code="a">LBB</subfield>
    <subfield code="b">LBB</subfield>
    <subfield code="c">B1.498</subfield>
    <subfield code="d">2024-06-20</subfield>
    <subfield code="l">1</subfield>
    <subfield code="o">LMA KOY 2023 B1-498 Or.</subfield>
    <subfield code="p">a076241</subfield>
    <subfield code="r">2024-11-05</subfield>
    <subfield code="s">2024-11-02</subfield>
    <subfield code="w">2024-06-20</subfield>
    <subfield code="y">LMA</subfield>
  </datafield>
  <datafield tag="952" ind1=" " ind2=" ">
    <subfield code="0">0</subfield>
    <subfield code="1">0</subfield>
    <subfield code="2">ddc</subfield>
    <subfield code="4">0</subfield>
    <subfield code="6">LMA_KOY_2023_000000000000000_B1498_OR</subfield>
    <subfield code="7">0</subfield>
    <subfield code="9">99416</subfield>
    <subfield code="a">LBB</subfield>
    <subfield code="b">LBB</subfield>
    <subfield code="c">B1.498</subfield>
    <subfield code="d">2024-06-20</subfield>
    <subfield code="l">2</subfield>
    <subfield code="m">2</subfield>
    <subfield code="o">LMA KOY 2023 B1-498 Or.</subfield>
    <subfield code="p">a077047</subfield>
    <subfield code="r">2025-04-07</subfield>
    <subfield code="s">2025-02-25</subfield>
    <subfield code="w">2024-06-20</subfield>
    <subfield code="y">LMA</subfield>
  </datafield>
  <datafield tag="952" ind1=" " ind2=" ">
    <subfield code="0">0</subfield>
    <subfield code="1">0</subfield>
    <subfield code="2">ddc</subfield>
    <subfield code="4">0</subfield>
    <subfield code="6">LMA_KOY_2023_000000000000000_B1498_OR</subfield>
    <subfield code="7">0</subfield>
    <subfield code="9">99417</subfield>
    <subfield code="a">LBB</subfield>
    <subfield code="b">LBB</subfield>
    <subfield code="c">B1.498</subfield>
    <subfield code="d">2024-06-20</subfield>
    <subfield code="o">LMA KOY 2023 B1-498 Or.</subfield>
    <subfield code="p">a077063</subfield>
    <subfield code="r">2024-06-20</subfield>
    <subfield code="w">2024-06-20</subfield>
    <subfield code="y">LMA</subfield>
  </datafield>
  <datafield tag="952" ind1=" " ind2=" ">
    <subfield code="0">0</subfield>
    <subfield code="1">0</subfield>
    <subfield code="2">ddc</subfield>
    <subfield code="4">0</subfield>
    <subfield code="6">LMA_KOY_2023_000000000000000_B1498_OR</subfield>
    <subfield code="7">0</subfield>
    <subfield code="9">99418</subfield>
    <subfield code="a">LBB</subfield>
    <subfield code="b">LBB</subfield>
    <subfield code="c">B1.498</subfield>
    <subfield code="d">2024-06-20</subfield>
    <subfield code="l">1</subfield>
    <subfield code="o">LMA KOY 2023 B1-498 Or.</subfield>
    <subfield code="p">a077051</subfield>
    <subfield code="r">2025-02-21</subfield>
    <subfield code="s">2025-01-24</subfield>
    <subfield code="w">2024-06-20</subfield>
    <subfield code="y">LMA</subfield>
  </datafield>
</record>
